Memorias familiares y literarias del poeta Luis de Ulloa y Pereira / (Record no. 181613)
[ view plain ]
| 000 -LEADER | |
|---|---|
| campo de control de longitud fija | 00924nam a2200217 i 4500 |
| 001 - NÚMERO DE CONTROL | |
| campo de control | 181613 |
| 003 - IDENTIFICADOR DE NÚMERO DE CONTROL | |
| campo de control | ES-MaACL |
| 005 - FECHA Y HORA DE LA ÚLTIMA TRANSACCIÓN | |
| campo de control | 20251002163224.0 |
| 008 - DATOS DE LONGITUD FIJA--INFORMACIÓN GENERAL | |
| campo de control de longitud fija | 130225s1925 sp | |||| ||spa d |
| 080 ## - NÚMERO DE LA CLASIFICACIÓN DECIMAL UNIVERSAL | |
| Número de la Clasificación Decimal Universal | 821.134.2-82"14" |
| 100 1# - ENTRADA PRINCIPAL--NOMBRE DE PERSONA | |
| Nombre de persona | Ulloa Pereira, Luis de, |
| Fechas asociadas al nombre | 1584-1674 |
| 9 (RLIN) | 152351 |
| 245 10 - MENCIÓN DEL TÍTULO | |
| Título | Memorias familiares y literarias del poeta Luis de Ulloa y Pereira / |
| Mención de responsabilidad, etc. | públicalas la Sociedad de Bibliófilos Españoles ; pr. de Miguel Artigas. |
| 260 ## - PUBLICACIÓN, DISTRIBUCIÓN, ETC. | |
| Lugar de publicación, distribución, etc. | Madrid : |
| Nombre del editor, distribuidor, etc. | Sociedad de Bibliófilos Españoles, |
| Fecha de publicación, distribución, etc. | 1925 ( |
| Fabricante | Imp. de Ramona Velasco) |
| 300 ## - DESCRIPCIÓN FÍSICA | |
| Extensión | LXXXII, 197 p. ; |
| Dimensiones | 23 cm. |
| 490 1# - MENCIÓN DE SERIE | |
| Mención de serie | Sociedad de Bibliófilos Españoles. Segunda época ; |
| Designación de volumen o secuencia | 2 |
| 700 1# - ENTRADA AGREGADA--NOMBRE PERSONAL | |
| Nombre de persona | Artigas Ferrando, Miguel, |
| Fechas asociadas al nombre | 1887-1947 |
| 9 (RLIN) | 23471 |
| 710 2# - ENTRADA AGREGADA--NOMBRE DE ENTIDAD CORPORATIVA | |
| Nombre de entidad corporativa o nombre de jurisdicción como elemento de entrada | Sociedad de Bibliófilos Españoles. |
| 9 (RLIN) | 6661 |
| 830 10 - PUNTO DE ACCESO ADICIONAL DE SERIE-TÍTULO UNIFORME | |
| Título uniforme | Sociedad de Bibliófilos Españoles. Segunda época |
| Designación de volumen o secuencia | 2 |
| 9 (RLIN) | 191496 |
| 852 4# - LOCALIZACIÓN | |
| Ubicación | ES-MaACL |
| Número de control de estantería | J-7(II-2) |
| Estatus retirado | Estado de pérdida | Estado de daño | No para préstamo | Biblioteca de origen | Biblioteca actual | Ubicación en estantería | Fecha de adquisición | Fuente de adquisición | Total de préstamos | Signatura topográfica completa | Código de barras | Visto por última vez | Precio de reemplazo | Tipo de ítem Koha |
|---|---|---|---|---|---|---|---|---|---|---|---|---|---|---|
| Biblioteca del Ateneo de Madrid | Biblioteca del Ateneo de Madrid | Depósito 2 | 25/02/2013 | J-7(II-2) | 1190858 | 23/02/2023 | 23/02/2023 | Libro impreso |
